|
|
|
|
| LEADER |
01090nam a2200289 a 4500 |
| 001 |
15110941 |
| 008 |
110120r20082007caua 001 0 eng d |
| 010 |
|
|
|a 2007281722
|
| 020 |
|
|
|a 9788184043396
|
| 020 |
|
|
|a 8184043392
|
| 020 |
|
|
|a 1890774421 (pbk.)
|
| 020 |
|
|
|a 9781890774424 (pbk.)
|
| 040 |
|
|
|a OCO
|c OCO
|d BAKER
|d QBX
|d DLC
|d BD-DhAAL
|
| 042 |
|
|
|a lccopycat
|
| 082 |
0 |
4 |
|a 005.13/3
|2 22
|
| 100 |
1 |
|
|a Murach, Joel,
|d 1968-
|
| 245 |
1 |
0 |
|a Murach's Java SE 6 /
|c Joel Murach, Andrea Steelman.
|
| 260 |
|
|
|a Fresno, CA :
|b Mike Murach & Associates ;
|a Mumbai :
|b SPD Pvt Ltd.,
|c c2007 [reprinted 2008].
|
| 300 |
|
|
|a xix, 811 p. :
|b ill. ;
|c 26 cm.
|
| 500 |
|
|
|a Includes index.
|
| 541 |
1 |
|
|e 00021733
|
| 650 |
|
0 |
|a Java (Computer program language)
|
| 700 |
1 |
|
|a Steelman, Andrea,
|d 1973-
|
| 710 |
2 |
|
|a Mike Murach & Associates.
|
| 852 |
|
|
|a Ayesha Abed Library
|c General Shelf.
|
| 999 |
|
|
|c 10362
|d 10362
|
| 952 |
|
|
|0 0
|1 0
|2 ddc
|4 0
|6 005_133000000000000_MUR
|7 0
|9 14106
|a BRACUL
|b BRACUL
|c GEN
|d 2011-01-23
|e TRIM EDUCATION
|g 960.00
|l 13
|m 70
|o 005.133 MUR
|p 3010021733
|r 2024-07-08
|s 2024-07-02
|t 1
|w 2011-01-23
|y BK
|